000 00723nam a22001697a 4500
999 _c62555
_d62555
005 20241206100151.0
008 241206s2016 ru ||||| |||| 00| 0 rus d
020 _a9785000578063x
080 _a159.947.2 Б-46
100 _aБен-Шахар, Тал
_923876
245 _aЧто ты выберешь? :
_bРешения, от которых зависит твоя жизнь /
_cТал Бен-Шахар; Перевод с англ. Ф. Домина.
264 _aМосква :
_b«Манн, Иванов и Фербер»,
_c2016.
300 _a260 стр.;
_b22 см.
653 _aფსიქოლოგია
700 _aДомина, А.
_eმთარგმნელი
_923877
942 _2udc
_cᲬᲘᲒᲜᲘ